[Event "Novosibirsk Seniors op"]
[Site "Novosibirsk"]
[Date "2010.09.29"]
[Round "5"]
[White "Popov, Yuri"]
[Black "Kozhemyako, Valery"]
[Result "1/2-1/2"]
[WhiteElo "2154"]
[BlackElo "1503"]
[PlyCount "122"]
[EventDate "2010.09.24"]
[EventType "swiss"]
[EventRounds "9"]
[EventCountry "RUS"]
[SourceTitle "EXT 2014"]
[Source "ChessBase"]
[SourceDate "2013.11.20"]
[SourceVersion "1"]
[SourceVersionDate "2013.11.20"]
[SourceQuality "1"]

1. d4 Nf6 2. c4 e6 3. Nc3 Bb4 4. Bd2 c6 5. a3 Bxc3 6. Bxc3 Ne4 7. Qc2 d5 8. e3 0-0 9. b4 Nd7 10. Bb2 Ndf6 11. Nf3 Ng4 12. Nd2 Ngxf2 13. Nxe4 Nxe4 14. 0-0-0 Qf6 15. Bd3 Qf2 16. Bxe4 Qxe3+ 17. Kb1 Qxe4 18. Qxe4 dxe4 19. Rhe1 f5 20. g4 g6 21. gxf5 exf5 22. Ka1 Be6 23. Bc1 Bxc4 24. Bf4 Bd5 25. Re3 Rf7 26. h4 h5 27. Rg1 Kh7 28. Kb2 b5 29. Reg3 Rg8 30. Rc3 Rc8 31. Ra1 Ra8 32. Rg1 Rg7 33. Be5 Rgg8 34. Rg5 a5 35. bxa5 Rxa5 36. Rc1 Re8 37. Rcg1 Rg8 38. Rb1 Ra4 39. Rg3 b4 40. Kc1 b3 41. Kb2 Rc4 42. Rxb3 g5 43. Rb7+ Kh6 44. hxg5+ Kg6 45. Rg1 e3 46. Re1 f4 47. Bxf4 Rxd4 48. Bxe3 h4 49. Kc3 Kf5 50. Rf1+ Kg4 51. Rb4 Rxb4 52. axb4 h3 53. g6 Rxg6 54. Rg1+ Kh5 55. Rf1 Rg7 56. Rf5+ Kg4 57. Rf8 Re7 58. Bf4 Re4 59. Bd6 Re3+ 60. Kd4 Re2 61. Rh8 c5+ 1/2-1/2

[Event "Novosibirsk Seniors op"]
[Site "Novosibirsk"]
[Date "2010.09.24"]
[Round "1"]
[White "Russkikh, Mikhail"]
[Black "Popov, Yuri"]
[Result "1-0"]
[WhiteElo "1922"]
[BlackElo "2154"]
[PlyCount "91"]
[EventDate "2010.09.24"]
[EventType "swiss"]
[EventRounds "9"]
[EventCountry "RUS"]
[SourceTitle "EXT 2014"]
[Source "ChessBase"]
[SourceDate "2013.11.20"]
[SourceVersion "1"]
[SourceVersionDate "2013.11.20"]
[SourceQuality "1"]

1. e4 g6 2. d4 Bg7 3. c3 e6 4. f4 Ne7 5. Nf3 0-0 6. Bd3 c6 7. 0-0 f5 8. e5 d5 9. exd6 Qxd6 10. b3 Nd5 11. Ne5 Nd7 12. Ba3 c5 13. Nxd7 Qxd7 14. Bxc5 Re8 15. Qd2 b6 16. Ba3 Nf6 17. Bb2 Bb7 18. Na3 a6 19. Nc4 Qc7 20. Ne5 Ne4 21. Qe1 b5 22. Rc1 Qb6 23. Kh1 Rad8 24. Rc2 Ba8 25. c4 bxc4 26. bxc4 Bxe5 27. fxe5 Qb7 28. d5 Nc5 29. Be2 exd5 30. cxd5 Ne4 31. Bd3 Nc5 32. Bc4 Rd6 33. e6 Rxd5 34. Bxd5 Qxd5 35. e7 Ne4 36. Qc1 Qd3 37. Rd1 Qb5 38. Rd8 Bb7 39. Rxe8+ Qxe8 40. Rc7 Nd6 41. Qc3 Bxg2+ 42. Kxg2 Qa8+ 43. Kh3 Ne8 44. Qh8+ Kf7 45. Qxh7+ Ke6 46. Qxg6+ 1-0

[Event "CFR-chT"]
[Site "Elets"]
[Date "2009.12.17"]
[Round "2"]
[White "Popov, Yuri"]
[Black "Ajrapetian, Gevorg"]
[Result "0-1"]
[WhiteElo "2173"]
[BlackElo "2436"]
[PlyCount "38"]
[EventDate "2009.12.16"]
[EventType "team-swiss"]
[EventRounds "7"]
[EventCountry "RUS"]
[SourceTitle "EXT 2022"]
[Source "ChessBase"]
[SourceDate "2021.10.06"]
[SourceVersion "1"]
[SourceVersionDate "2021.10.06"]
[SourceQuality "1"]

1. d4 Nf6 2. c4 e6 3. Nc3 Bb4 4. e3 c5 5. Bd3 Nc6 6. Nge2 0-0 7. 0-0 cxd4 8. exd4 d5 9. Bg5 Be7 10. a3 b6 11. Bxf6 Bxf6 12. cxd5 exd5 13. Qc2 Nxd4 14. Nxd4 Bxd4 15. Bxh7+ Kh8 16. Rad1 Bxc3 17. bxc3 f5 18. Rfe1 Kxh7 19. Re3 Re8 0-1

[Event "CFR-chT"]
[Site "Elets"]
[Date "2009.12.16"]
[Round "1"]
[White "Solovyov, Sergey V"]
[Black "Popov, Yuri"]
[Result "1-0"]
[WhiteElo "2048"]
[BlackElo "2173"]
[PlyCount "35"]
[EventDate "2009.12.16"]
[EventType "team-swiss"]
[EventRounds "7"]
[EventCountry "RUS"]
[SourceTitle "EXT 2022"]
[Source "ChessBase"]
[SourceDate "2021.10.06"]
[SourceVersion "1"]
[SourceVersionDate "2021.10.06"]
[SourceQuality "1"]

1. d4 d5 2. Nc3 Nf6 3. Bg5 Ne4 4. Nxe4 dxe4 5. c3 h6 6. Bf4 Nd7 7. h4 e6 8. Qc2 Nf6 9. Be5 Qd5 10. Bxc7 Bd7 11. e3 Rc8 12. Bf4 Qa5 13. Be2 Nd5 14. Nh3 g5 15. Be5 f6 16. Bg3 Nxc3 17. Bh5+ Kd8 18. 0-0 1-0

[Event "Elets op"]
[Site "Elets"]
[Date "2009.05.08"]
[Round "2"]
[White "Mukhin, Alexey A"]
[Black "Popov, Yuri"]
[Result "1/2-1/2"]
[WhiteElo "1991"]
[BlackElo "2189"]
[PlyCount "88"]
[EventDate "2009.05.07"]
[EventType "swiss"]
[EventRounds "9"]
[EventCountry "RUS"]
[SourceTitle "EXT 2022"]
[Source "ChessBase"]
[SourceDate "2021.10.06"]
[SourceVersion "1"]
[SourceVersionDate "2021.10.06"]
[SourceQuality "1"]

1. e4 c5 2. Nf3 Nc6 3. Nc3 d6 4. d4 cxd4 5. Nxd4 Qb6 6. Nxc6 bxc6 7. Bc4 Ba6 8. Bxa6 Qxa6 9. Qe2 Qxe2+ 10. Kxe2 g6 11. Be3 Bg7 12. Rhd1 Bxc3 13. bxc3 Nf6 14. f3 c5 15. Rab1 0-0-0 16. Rb3 Nd7 17. Rdb1 Nb6 18. Kf2 Kb7 19. Ra3 Rb8 20. e5 Ka8 21. exd6 Nc4 22. Rxb8+ Rxb8 23. Rb3 exd6 24. Rxb8+ Kxb8 25. Bf4 f6 26. Ke2 g5 27. Bc1 Kc7 28. f4 g4 29. Kd3 d5 30. f5 h5 31. Bf4+ Kd7 32. Bb8 Ne5+ 33. Ke3 Kc6 34. Bxe5 fxe5 35. c4 dxc4 36. Ke4 Kd6 37. f6 Ke6 38. f7 Kxf7 39. Kxe5 Kg6 40. c3 Kg5 41. g3 h4 42. a4 hxg3 43. hxg3 a5 44. Ke6 Kg6 1/2-1/2

[Event "Lipetsk Region-ch Super"]
[Site "Lipetsk"]
[Date "2007.12.21"]
[Round "10"]
[White "Popov, Yuri"]
[Black "Ajrapetian, Gevorg"]
[Result "1-0"]
[WhiteElo "2191"]
[BlackElo "2246"]
[PlyCount "113"]
[EventDate "2007.12.12"]
[EventType "tourn"]
[EventRounds "11"]
[EventCountry "RUS"]
[SourceTitle "CBM 122 Extra"]
[Source "ChessBase"]
[SourceDate "2008.03.04"]
[SourceVersion "1"]
[SourceVersionDate "2008.03.04"]
[SourceQuality "1"]

1. d4 c5 2. d5 e5 3. c4 d6 4. e4 g6 5. Nc3 Bg7 6. Be3 Nf6 7. f3 0-0 8. Qd2 a6 9. Bd3 Nh5 10. Nge2 f5 11. a3 Nd7 12. b4 Nf4 13. Bxf4 exf4 14. exf5 Qh4+ 15. Kf1 gxf5 16. Rc1 Be5 17. Qc2 Qg5 18. g3 Kh8 19. Qd2 Qh5 20. Kg2 Rg8 21. Nxf4 Qg5 22. Nce2 cxb4 23. axb4 a5 24. bxa5 Nc5 25. Bc2 Bd7 26. h4 Qf6 27. Rh2 Ra7 28. h5 Rga8 29. Rch1 Kg8 30. Nd3 Nxd3 31. Qxd3 Rxa5 32. f4 Bb2 33. Rb1 Re8 34. Kf1 Ra1 35. g4 Rxb1+ 36. Bxb1 Ra8 37. g5 Qd8 38. Qb3 Bh8 39. Nc3 Qc8 40. Re2 Ra1 41. Kg2 h6 42. Qb4 Ra6 43. Nb5 Rb6 44. Qe1 Kf8 45. Bd3 Qd8 46. Qd2 Ra6 47. Qe3 hxg5 48. fxg5 Be5 49. Bxf5 Bxf5 50. Rf2 Kg8 51. Rxf5 Ra2+ 52. Rf2 Ra4 53. Nd4 Bxd4 54. Qe6+ Kh8 55. Qh6+ Kg8 56. g6 Qe7 57. Rf8+ 1-0

[Event "Lipetsk Region-ch Super"]
[Site "Lipetsk"]
[Date "2007.12.20"]
[Round "9"]
[White "Slugin, Sergey"]
[Black "Popov, Yuri"]
[Result "1-0"]
[WhiteElo "2403"]
[BlackElo "2191"]
[PlyCount "41"]
[EventDate "2007.12.12"]
[EventType "tourn"]
[EventRounds "11"]
[EventCountry "RUS"]
[SourceTitle "CBM 122 Extra"]
[Source "ChessBase"]
[SourceDate "2008.03.04"]
[SourceVersion "1"]
[SourceVersionDate "2008.03.04"]
[SourceQuality "1"]

1. d4 d5 2. c4 c6 3. Nf3 Nf6 4. Qb3 e6 5. g3 Nbd7 6. Bg2 Bd6 7. 0-0 dxc4 8. Qxc4 e5 9. Rd1 Qc7 10. Nc3 0-0 11. Qb3 h6 12. e4 exd4 13. Nxd4 Rd8 14. Ne6 Nc5 15. Nxc7 Nxb3 16. Nxa8 Nxa1 17. e5 Ne8 18. exd6 Bg4 19. f3 Bf5 20. Nc7 Bc2 21. Re1 1-0

[Event "Lipetsk Region-ch Super"]
[Site "Lipetsk"]
[Date "2007.12.16"]
[Round "5"]
[White "Popov, Yuri"]
[Black "Morev, Ivan"]
[Result "1-0"]
[WhiteElo "2191"]
[BlackElo "2195"]
[PlyCount "101"]
[EventDate "2007.12.12"]
[EventType "tourn"]
[EventRounds "11"]
[EventCountry "RUS"]
[SourceTitle "CBM 122 Extra"]
[Source "ChessBase"]
[SourceDate "2008.03.04"]
[SourceVersion "1"]
[SourceVersionDate "2008.03.04"]
[SourceQuality "1"]

1. d4 g6 2. c4 d6 3. e4 Bg7 4. f3 Nf6 5. Be3 0-0 6. Ne2 c6 7. Na3 a6 8. Qd2 b5 9. Rc1 bxc4 10. d5 cxd5 11. exd5 e6 12. dxe6 d5 13. exf7+ Kxf7 14. Nd4 Re8 15. Kf2 Nbd7 16. Nxc4 Kg8 17. Nd6 Rxe3 18. Qxe3 Ne5 19. Nc6 Nfg4+ 20. fxg4 Qxd6 21. Nxe5 Bxe5 22. Be2 Bb7 23. Bf3 Bf4 24. Qc5 Qf6 25. Qb4 Rf8 26. Rcd1 Rf7 27. Rhe1 Qh4+ 28. Kf1 Bc6 29. a4 Qxh2 30. Re6 Bd7 31. Re7 Bd6 32. Rxf7 Bxb4 33. Rxd7 Bc5 34. R1xd5 Qg1+ 35. Ke2 Qe3+ 36. Kd1 Be7 37. Rd3 Qg1+ 38. Kc2 Qc5+ 39. Rc3 Qb4 40. Rc8+ Kf7 41. Rcc7 Qxa4+ 42. Kb1 Kf6 43. Rxe7 h6 44. g5+ Kxg5 45. Rc5+ Kf6 46. Rb7 Qf4 47. Rb6+ Kg7 48. Rcc6 Qf5+ 49. Ka2 Qa5+ 50. Kb3 g5 51. Rb7+ 1-0

[Event "Lipetsk Region-ch Super"]
[Site "Lipetsk"]
[Date "2007.12.14"]
[Round "3"]
[White "Popov, Yuri"]
[Black "Filin, Alexander"]
[Result "1-0"]
[WhiteElo "2191"]
[BlackElo "2191"]
[PlyCount "89"]
[EventDate "2007.12.12"]
[EventType "tourn"]
[EventRounds "11"]
[EventCountry "RUS"]
[SourceTitle "CBM 122 Extra"]
[Source "ChessBase"]
[SourceDate "2008.03.04"]
[SourceVersion "1"]
[SourceVersionDate "2008.03.04"]
[SourceQuality "1"]

1. d4 d5 2. c4 Nc6 3. Nf3 Bg4 4. e3 e6 5. Qa4 Bxf3 6. gxf3 Bb4+ 7. Nc3 Nge7 8. cxd5 exd5 9. Bd3 0-0 10. Qc2 f5 11. Bd2 Rb8 12. a3 Bxc3 13. bxc3 b5 14. e4 Qe8 15. e5 Qh5 16. Rg1 Qxf3 17. Rb1 Nd8 18. Be2 Qh3 19. Rg3 Qxh2 20. Bg5 f4 21. Rg4 Nf5 22. Bf6 Kh8 23. Qxf5 gxf6 24. Bf3 Qh6 25. Bxd5 f3 26. e6 c6 27. Bxf3 Nxe6 28. Bxc6 Ng7 29. Qf4 Qh5 30. Rh4 Qg6 31. Be4 Rbe8 32. Kd2 f5 33. Bd3 Nh5 34. Qh2 Nf6 35. Rg1 Qf7 36. Bxf5 Qa2+ 37. Bc2 Ne4+ 38. Rxe4 Rxe4 39. Re1 Rfe8 40. Rxe4 Rxe4 41. Qb8+ Kg7 42. Qb7+ Kf8 43. Qxe4 Qxa3 44. Qf5+ Ke8 45. Qxb5+ 1-0

[Event "Lipetsk Region-ch"]
[Site "Lipetsk"]
[Date "2007.11.24"]
[Round "8"]
[White "Popov, Yuri"]
[Black "Filin, Alexander"]
[Result "1-0"]
[WhiteElo "2191"]
[BlackElo "2191"]
[PlyCount "95"]
[EventDate "2007.11.18"]
[EventType "swiss"]
[EventRounds "9"]
[EventCountry "RUS"]
[SourceTitle "CBM 121 Extra"]
[Source "ChessBase"]
[SourceDate "2008.01.10"]
[SourceVersion "1"]
[SourceVersionDate "2008.01.10"]
[SourceQuality "1"]

1. d4 Nf6 2. c4 e6 3. Nc3 Bb4 4. e3 0-0 5. Bd3 c5 6. Nge2 b6 7. 0-0 Bb7 8. a3 Bxc3 9. Nxc3 cxd4 10. exd4 d5 11. c5 Nc6 12. Bg5 h6 13. Bxf6 Qxf6 14. Ne2 g6 15. Qa4 bxc5 16. dxc5 a5 17. Bb5 Rfc8 18. Qc2 e5 19. Bxc6 Qxc6 20. b4 d4 21. f3 Ba6 22. Qd2 Kh7 23. Rfe1 Qd5 24. Nc3 Qe6 25. Ne4 Rc7 26. Rab1 Bb7 27. Nd6 axb4 28. axb4 Bd5 29. Nb5 Rd7 30. Nxd4 Bb7 31. Nxe6 Rxd2 32. Red1 Re2 33. Ra1 Rxa1 34. Rxa1 Rb2 35. Nd8 Bd5 36. c6 Rxb4 37. Rc1 Rb8 38. c7 Rc8 39. Rc5 Be6 40. Nb7 Rf8 41. Nd8 Bc8 42. Rb5 Re8 43. Rb8 Bf5 44. Nc6 Rc8 45. Rxc8 Bxc8 46. Nxe5 Kg7 47. Nc4 Kf6 48. Nb6 1-0

[Event "Lipetsk Region-ch"]
[Site "Lipetsk"]
[Date "2007.11.23"]
[Round "7"]
[White "Barbashin, Igor"]
[Black "Popov, Yuri"]
[Result "1-0"]
[WhiteElo "2272"]
[BlackElo "2191"]
[PlyCount "77"]
[EventDate "2007.11.18"]
[EventType "swiss"]
[EventRounds "9"]
[EventCountry "RUS"]
[SourceTitle "CBM 121 Extra"]
[Source "ChessBase"]
[SourceDate "2008.01.10"]
[SourceVersion "1"]
[SourceVersionDate "2008.01.10"]
[SourceQuality "1"]

1. Nf3 d5 2. d4 Nf6 3. c4 c6 4. e3 Bf5 5. Nc3 e6 6. Be2 Nbd7 7. 0-0 Bd6 8. cxd5 exd5 9. Nh4 Bg6 10. g3 0-0 11. Nxg6 hxg6 12. Rb1 a5 13. Bf3 Re8 14. Qc2 Bc7 15. Bd2 Nb6 16. Rbe1 Qd7 17. Bg2 Rad8 18. Ne2 Nc4 19. Bc1 Qf5 20. Qd1 g5 21. b3 Nd6 22. f3 Qg6 23. g4 Re7 24. Ng3 Rde8 25. Rf2 Qh6 26. Bf1 Qh4 27. Bd3 g6 28. Rg2 Kg7 29. Qd2 Rh8 30. Rf1 Ree8 31. Qe2 Rh7 32. Bd2 Qh3 33. Bb1 Reh8 34. e4 Ndxe4 35. fxe4 Nxg4 36. Bxg5 Nxh2 37. Bf6+ Kg8 38. exd5 Qd7 39. Re1 1-0

[Event "Lipetsk Region-ch"]
[Site "Lipetsk"]
[Date "2007.11.19"]
[Round "2"]
[White "Slukin, Leonid"]
[Black "Popov, Yuri"]
[Result "1-0"]
[WhiteElo "2243"]
[BlackElo "2191"]
[PlyCount "93"]
[EventDate "2007.11.18"]
[EventType "swiss"]
[EventRounds "9"]
[EventCountry "RUS"]
[SourceTitle "CBM 121 Extra"]
[Source "ChessBase"]
[SourceDate "2008.01.10"]
[SourceVersion "1"]
[SourceVersionDate "2008.01.10"]
[SourceQuality "1"]

1. Nf3 d5 2. c4 e6 3. Nc3 Nf6 4. d4 Be7 5. Bf4 0-0 6. e3 c5 7. Bd3 a6 8. dxc5 Bxc5 9. 0-0 dxc4 10. Bxc4 b5 11. Be2 Bb7 12. Ne5 Nbd7 13. Bf3 Bxf3 14. Qxf3 Nxe5 15. Bxe5 Nd7 16. Bg3 Qb6 17. a4 Rac8 18. axb5 axb5 19. Rfd1 Rfd8 20. Qe2 b4 21. Ne4 Be7 22. Ra6 Qb7 23. Nd6 Bxd6 24. Raxd6 Rc6 25. R6d3 b3 26. h3 Kf8 27. Qh5 h6 28. Qa5 Ke8 29. Bh4 g5 30. Bg3 f6 31. Qa4 Rb6 32. Qg4 Kf7 33. Qh5+ Kg7 34. R1d2 Qc6 35. Qd1 Rb7 36. Rc3 Qb6 37. Rd6 Qa5 38. Rcd3 Qb5 39. R3d4 e5 40. R4d5 Qa4 41. Kh2 Kf7 42. Qh5+ Kg7 43. Bxe5 Rf8 44. Bd4 Rf7 45. f4 gxf4 46. Qg4+ Kf8 47. Qxf4 1-0

[Event "Elets-ch op"]
[Site "Elets"]
[Date "2007.10.24"]
[Round "3"]
[White "Ryakhovskiy, Alexander"]
[Black "Popov, Yuri"]
[Result "0-1"]
[WhiteElo "1906"]
[BlackElo "2191"]
[PlyCount "30"]
[EventDate "2007.10.22"]
[EventType "swiss"]
[EventRounds "9"]
[EventCountry "RUS"]
[SourceTitle "EXT 2022"]
[Source "ChessBase"]
[SourceDate "2021.10.06"]
[SourceVersion "1"]
[SourceVersionDate "2021.10.06"]
[SourceQuality "1"]

1. e4 c5 2. Nf3 Nc6 3. d4 cxd4 4. Nxd4 e6 5. c4 Nf6 6. Nc3 Bb4 7. f3 d5 8. cxd5 Nxe4 9. fxe4 Qh4+ 10. g3 Qxe4+ 11. Nde2 Ne5 12. a3 Nf3+ 13. Kf2 Bc5+ 14. Kg2 Ne1+ 15. Kh3 exd5+ 0-1

[Event "Elets-ch op"]
[Site "Elets"]
[Date "2007.10.23"]
[Round "2"]
[White "Popov, Yuri"]
[Black "Afanasiev, Juri"]
[Result "1-0"]
[WhiteElo "2191"]
[BlackElo "2036"]
[PlyCount "90"]
[EventDate "2007.10.22"]
[EventType "swiss"]
[EventRounds "9"]
[EventCountry "RUS"]
[SourceTitle "EXT 2022"]
[Source "ChessBase"]
[SourceDate "2021.10.06"]
[SourceVersion "1"]
[SourceVersionDate "2021.10.06"]
[SourceQuality "1"]

1. d4 Nf6 2. c4 g6 3. f3 Bg7 4. e4 d6 5. Be3 0-0 6. Ne2 Nc6 7. Na3 e5 8. d5 Ne7 9. Qd2 Ne8 10. b4 f5 11. Nc3 Nf6 12. Bd3 c6 13. 0-0 a5 14. Na4 axb4 15. Bb6 Qe8 16. Qxb4 c5 17. Nxc5 dxc5 18. Bxc5 Ra4 19. Qb3 Bd7 20. Nb5 Ra5 21. Qb4 Rxb5 22. cxb5 Nc8 23. a4 b6 24. Bxf8 Bxf8 25. Qb1 Bc5+ 26. Kh1 f4 27. Rc1 Be3 28. g3 fxg3 29. hxg3 Qf8 30. Rc2 Nh5 31. Kg2 Qh6 32. Qh1 Qg5 33. Qh4 Nf4+ 34. Kh1 Qxh4+ 35. gxh4 Nxd3 36. Ra3 Nf2+ 37. Kg2 Bc5 38. Rxc5 bxc5 39. Kxf2 Nd6 40. a5 Nxb5 41. a6 Na7 42. Rc3 Kf8 43. Rxc5 Ke8 44. Rc7 Nb5 45. Rb7 h6 1-0

[Event "Lipetsk City-ch"]
[Site "Lipetsk"]
[Date "2007.08.20"]
[Round "7"]
[White "Kasantsev, Anatolij B"]
[Black "Popov, Yuri"]
[Result "1/2-1/2"]
[WhiteElo "2138"]
[BlackElo "2158"]
[PlyCount "27"]
[EventDate "2007.08.14"]
[EventType "swiss"]
[EventRounds "9"]
[EventCountry "RUS"]
[SourceTitle "EXT 2009"]
[Source "ChessBase"]
[SourceDate "2008.11.26"]
[SourceVersion "1"]
[SourceVersionDate "2008.11.26"]
[SourceQuality "1"]

1. d4 d5 2. c4 c6 3. Nf3 Nf6 4. e3 Bg4 5. cxd5 cxd5 6. Bb5+ Nc6 7. Nc3 a6 8. Bxc6+ bxc6 9. Qa4 Bd7 10. Ne5 e6 11. Bd2 c5 12. Nxd7 Qxd7 13. dxc5 Bxc5 14. Ke2 1/2-1/2

[Event "Lipetsk City-ch"]
[Site "Lipetsk"]
[Date "2007.08.18"]
[Round "5"]
[White "Barbashin, Igor"]
[Black "Popov, Yuri"]
[Result "0-1"]
[WhiteElo "2300"]
[BlackElo "2158"]
[PlyCount "128"]
[EventDate "2007.08.14"]
[EventType "swiss"]
[EventRounds "9"]
[EventCountry "RUS"]
[SourceTitle "EXT 2009"]
[Source "ChessBase"]
[SourceDate "2008.11.26"]
[SourceVersion "1"]
[SourceVersionDate "2008.11.26"]
[SourceQuality "1"]

1. d4 d5 2. c4 c6 3. e3 Nf6 4. Nc3 Bf5 5. Nf3 e6 6. Be2 Nbd7 7. h3 Be7 8. 0-0 0-0 9. a3 a5 10. Nh4 Bg6 11. Nxg6 hxg6 12. Qc2 Rc8 13. Rd1 Qc7 14. Bd2 dxc4 15. Bxc4 e5 16. Ne2 b5 17. Ba2 Kh7 18. Rac1 Qb6 19. Bc3 exd4 20. Rxd4 b4 21. Rh4+ Kg8 22. Nf4 Nd5 23. Bd4 Qb7 24. Rg4 N7f6 25. Rg3 Bd6 26. axb4 axb4 27. Bc4 Rfe8 28. Rf3 Ne4 29. Qd3 Ra8 30. h4 Bxf4 31. Bxd5 cxd5 32. Rxf4 Rec8 33. Rd1 b3 34. f3 Nc5 35. Bxc5 Rxc5 36. h5 gxh5 37. Rf5 g6 38. Rxd5 Rxd5 39. Qxd5 Qxd5 40. Rxd5 Ra1+ 41. Kf2 Rc1 42. Rd2 h4 43. e4 g5 44. Ke3 Kg7 45. Rd3 Rc2 46. Rd2 Rxd2 47. Kxd2 Kf6 48. Kc3 Ke5 49. Kxb3 Kf4 50. Kc4 Kg3 51. b4 Kxg2 52. b5 h3 53. b6 h2 54. b7 h1Q 55. b8Q Qf1+ 56. Kd5 Qxf3 57. Qb2+ Kg3 58. Qd4 g4 59. Qg1+ Kh3 60. Kd4 g3 61. Ke5 g2 62. Kd4 f6 63. Qe1 Kh2 64. Qh4+ Qh3 0-1

[Event "Lipetsk City-ch"]
[Site "Lipetsk"]
[Date "2007.08.17"]
[Round "4"]
[White "Popov, Yuri"]
[Black "Kurbatov, Andrei"]
[Result "1-0"]
[WhiteElo "2158"]
[BlackElo "2122"]
[PlyCount "79"]
[EventDate "2007.08.14"]
[EventType "swiss"]
[EventRounds "9"]
[EventCountry "RUS"]
[SourceTitle "EXT 2009"]
[Source "ChessBase"]
[SourceDate "2008.11.26"]
[SourceVersion "1"]
[SourceVersionDate "2008.11.26"]
[SourceQuality "1"]

1. d4 d5 2. c4 e6 3. Nc3 Nf6 4. Bg5 Nbd7 5. e3 Be7 6. Nf3 0-0 7. Rc1 c6 8. Qc2 Ne4 9. Bxe7 Qxe7 10. Nxe4 dxe4 11. Qxe4 Qb4+ 12. Nd2 Qxb2 13. Rb1 Qa3 14. Rb3 Qxa2 15. Bd3 Nf6 16. Qh4 Qa5 17. g4 h6 18. f4 Qd8 19. g5 Nh7 20. Qh5 f5 21. gxh6 gxh6 22. Qxh6 Kh8 23. Nf3 Qf6 24. Qh5 Rg8 25. Ng5 Rg7 26. Nxh7 Rxh7 27. Qe8+ Kg7 28. Rg1+ Kh6 29. Be2 Qf7 30. Qd8 Qe7 31. Qg8 Rg7 32. Qh8+ Rh7 33. Qe5 Rg7 34. Rg5 Rxg5 35. Qh8+ Kg6 36. fxg5 Qxg5 37. e4 f4 38. Qg8+ Kf6 39. e5+ Kf5 40. Qh7+ 1-0

[Event "Lipetsk King's Gambit op-C"]
[Site "Lipetsk"]
[Date "2007.07.02"]
[Round "9"]
[White "Morev, Ivan"]
[Black "Popov, Yuri"]
[Result "1-0"]
[WhiteElo "2192"]
[BlackElo "2162"]
[PlyCount "133"]
[EventDate "2007.06.22"]
[EventType "swiss"]
[EventRounds "9"]
[EventCountry "RUS"]
[SourceTitle "EXT 2022"]
[Source "ChessBase"]
[SourceDate "2021.10.06"]
[SourceVersion "1"]
[SourceVersionDate "2021.10.06"]
[SourceQuality "1"]

1. e4 c5 2. Nf3 Nc6 3. d4 cxd4 4. Nxd4 Qb6 5. Nb3 Nf6 6. Nc3 e6 7. Be3 Qc7 8. a3 a6 9. f4 d6 10. Bd3 b5 11. 0-0 Bb7 12. Kh1 Be7 13. Ne2 e5 14. Ng3 0-0 15. Nh5 g6 16. Nxf6+ Bxf6 17. f5 Bh8 18. Bh6 Rfd8 19. fxg6 hxg6 20. Bg5 Rf8 21. Qg4 Bc8 22. Qh4 Be6 23. Rf3 Qd7 24. Raf1 Bg7 25. Rg3 Ra7 26. Nd2 Rc7 27. Rf5 f6 28. Bxf6 Bxf5 29. Bxg7 Qxg7 30. exf5 Ne7 31. fxg6 Nf5 32. Qh7+ Qxh7 33. gxh7+ Kh8 34. Rg8+ Rxg8 35. hxg8Q+ Kxg8 36. Bxf5 d5 37. Kg1 Kf7 38. g4 Kf6 39. h4 a5 40. Kf2 e4 41. c3 b4 42. axb4 axb4 43. h5 bxc3 44. bxc3 Kg5 45. c4 Kf4 46. cxd5 e3+ 47. Ke2 exd2 48. Kxd2 Rc5 49. Be6 Kg5 50. Kd3 Rc1 51. Kd4 Kf6 52. Bf5 Rd1+ 53. Ke4 Re1+ 54. Kd4 Rd1+ 55. Kc4 Ke5 56. Be6 Rc1+ 57. Kb5 Kf6 58. Kb6 Rc3 59. Bf5 Ke5 60. h6 Rh3 61. h7 Rh1 62. Kc6 Rh6+ 63. Kc7 Rh1 64. d6 Kf6 65. d7 Rc1+ 66. Kd8 Kg7 67. Ke7 1-0

[Event "Lipetsk King's Gambit op-C"]
[Site "Lipetsk"]
[Date "2007.06.26"]
[Round "5"]
[White "Nelyubov, Vladimir"]
[Black "Popov, Yuri"]
[Result "0-1"]
[WhiteElo "2052"]
[BlackElo "2162"]
[PlyCount "90"]
[EventDate "2007.06.22"]
[EventType "swiss"]
[EventRounds "9"]
[EventCountry "RUS"]
[SourceTitle "EXT 2022"]
[Source "ChessBase"]
[SourceDate "2021.10.06"]
[SourceVersion "1"]
[SourceVersionDate "2021.10.06"]
[SourceQuality "1"]

1. e4 c5 2. Nf3 Nc6 3. d4 cxd4 4. Nxd4 g6 5. Nxc6 bxc6 6. Qd4 Nf6 7. e5 Nd5 8. e6 Nf6 9. exd7+ Bxd7 10. Bc4 Bg7 11. 0-0 0-0 12. Rd1 Bf5 13. Qxd8 Rfxd8 14. Bd3 Rd7 15. Nc3 Rad8 16. Be3 Bxd3 17. Rxd3 Rxd3 18. cxd3 Rxd3 19. Bxa7 Rd2 20. Rb1 Nd5 21. Nd1 Bxb2 22. Nxb2 Nc3 23. Nc4 Nxb1 24. Nxd2 Nxd2 25. Be3 Nc4 26. Bc5 Kf8 27. Kf1 Ke8 28. Ke2 Kd7 29. Kd3 Nd6 30. Kc3 Ne4+ 31. Kb4 Nxc5 32. Kxc5 Kc7 33. f4 f6 34. g4 e6 35. g5 fxg5 36. fxg5 e5 37. Kc4 Kb6 38. Kd3 c5 39. Kc4 e4 40. Kc3 Kb5 41. Kd2 c4 42. Ke3 c3 43. Ke2 Ka4 44. Kd1 e3 45. Kc2 e2 0-1

[Event "Lipetsk King's Gambit op-C"]
[Site "Lipetsk"]
[Date "2007.06.24"]
[Round "3"]
[White "Popov, Yuri"]
[Black "Morozyuk, Kirill"]
[Result "1-0"]
[WhiteElo "2162"]
[BlackElo "2037"]
[PlyCount "59"]
[EventDate "2007.06.22"]
[EventType "swiss"]
[EventRounds "9"]
[EventCountry "RUS"]
[SourceTitle "EXT 2022"]
[Source "ChessBase"]
[SourceDate "2021.10.06"]
[SourceVersion "1"]
[SourceVersionDate "2021.10.06"]
[SourceQuality "1"]

1. d4 d5 2. c4 e6 3. Nc3 Nf6 4. cxd5 exd5 5. Bg5 Be7 6. e3 c6 7. Bd3 Nbd7 8. Qc2 0-0 9. Nge2 h6 10. Bf4 c5 11. dxc5 Nxc5 12. 0-0 Ne6 13. Rfd1 Bc5 14. Be5 Ng4 15. Bg3 Bxe3 16. Nxd5 Bc5 17. Nc7 Bxf2+ 18. Kh1 Qg5 19. Nxa8 Nd4 20. Qd2 Ne3 21. Nxd4 Bxg3 22. hxg3 Qxg3 23. Re1 Ng4 24. Nf3 Rd8 25. Bf5 Bxf5 26. Qxd8+ Kh7 27. Re2 Be4 28. Qc7 Nf2+ 29. Rxf2 Qxf2 30. Qf4 1-0

[Event "RUS Central Region-chT club"]
[Site "Tula"]
[Date "2005.11.29"]
[Round "5"]
[White "Novikov, Maxim"]
[Black "Popov, Yuri"]
[Result "1-0"]
[WhiteElo "2506"]
[BlackElo "2193"]
[PlyCount "79"]
[EventDate "2005.11.25"]
[EventType "team"]
[EventRounds "5"]
[EventCountry "RUS"]
[SourceTitle "CBM 109 Extra"]
[Source "ChessBase"]
[SourceDate "2006.01.03"]
[SourceVersion "2"]
[SourceVersionDate "2006.01.03"]
[SourceQuality "1"]

1. e4 c5 2. Nf3 b6 3. c4 Bb7 4. Nc3 Nc6 5. d4 cxd4 6. Nxd4 Nf6 7. Be2 Rc8 8. b3 g6 9. 0-0 Bg7 10. Be3 0-0 11. Rc1 d6 12. f3 Nd7 13. Ncb5 Nde5 14. Qd2 Qd7 15. Rfd1 Rfd8 16. b4 Ba6 17. a4 Nxd4 18. Bxd4 Bxb5 19. axb5 Qe6 20. Qc3 g5 21. Qe3 Bh6 22. Bxe5 Qxe5 23. Rd5 Qf6 24. Qc3 Qxc3 25. Rxc3 e6 26. Rd1 g4 27. fxg4 d5 28. exd5 exd5 29. Rh3 Re8 30. Kf1 Kg7 31. Rxd5 Be3 32. g5 Re4 33. Bd3 Rf4+ 34. Rf3 Re8 35. Rxf4 Bxf4 36. g3 Bd2 37. c5 Bxb4 38. c6 Re7 39. Bf5 Rc7 40. Bd7 1-0